000 00702nam a22001575i 4500
001 184839
003 ES-MaACL
005 20230906222305.0
008 160204s1856 sp |||| | spa d
100 1 _aPatxot y Ferrer, Fernando (
_d1812-1859)
_9158661
245 1 0 _aMi claustro /
_cpor Sor Adela.
260 _a[Madrid] :
_bLibrería de la Publicidad y de Cuesta ;
_aBarcelona :
_bLibrería Histórcia,
_c1856 (
_eBarcelona :
_fImp. de Luis Tasso)
300 _a204 p., [25] h. de lám. ;
_c24 cm.
594 _aSor Adela es seudónimo de Ferran Patxot y Ferrer (pseud. de Manuel Ortiz de la Vega)
852 _aES-MaACL
_jG-8080(2).-
_zAnotaciones manuscritas jocosas en el texto
_z.- Enc. con otra obra
999 _c184839
_d184839